[Event "ureki2015"]
[Site "?"]
[Date "2015.10.07"]
[Round "3.16"]
[White "Gavasheli, Ana"]
[Black "Tsatsalashvili, Keti"]
[Result "1-0"]
[LiveChessVersion "1.3.1"]
[BlackElo "2266"]
[WhiteElo "2168"]

1. d4 {[%clk 1:30:55]} d5 {[%clk 1:30:42]} 2. Nf3 {[%clk 1:31:17]} e6
{[%clk 1:30:06]} 3. e3 {[%clk 1:31:15]} Nf6 {[%clk 1:29:41]} 4. c4
{[%clk 1:31:40]} c5 {[%clk 1:29:54]} 5. a3 {[%clk 1:31:58]} Nc6 {[%clk 1:30:08]}
6. dxc5 {[%clk 1:31:32]} Bxc5 {[%clk 1:28:34]} 7. b4 {[%clk 1:31:58]} Be7
{[%clk 1:28:19]} 8. Nc3 {[%clk 1:31:36]} O-O {[%clk 1:27:30]} 9. Bb2
{[%clk 1:28:45]} a6 {[%clk 1:26:33]} 10. cxd5 {[%clk 1:27:08]} exd5
{[%clk 1:26:35]} 11. Be2 {[%clk 1:27:02]} Re8 {[%clk 1:23:48]} 12. O-O
{[%clk 1:26:28]} Bf5 {[%clk 1:22:26]} 13. Rc1 {[%clk 1:23:33]} Rc8
{[%clk 1:22:13]} 14. Nd4 {[%clk 1:23:12]} Nxd4 {[%clk 1:19:27]} 15. Qxd4
{[%clk 1:23:16]} Bd6 {[%clk 1:19:04]} 16. Qd1 {[%clk 1:04:31]} Bb8
{[%clk 1:11:27]} 17. Bf3 {[%clk 1:01:39]} Qd6 {[%clk 1:07:54]} 18. g3
{[%clk 1:01:53]} Red8 {[%clk 1:06:36]} 19. Qe2 {[%clk 0:48:30]} Ne4
{[%clk 0:49:36]} 20. Nxe4 {[%clk 0:45:08]} dxe4 {[%clk 0:49:07]} 21. Rxc8
{[%clk 0:45:30]} Rxc8 {[%clk 0:37:36]} 22. Bxe4 {[%clk 0:45:53]} Bxe4
{[%clk 0:36:37]} 23. Qg4 {[%clk 0:46:18]} Qf8 {[%clk 0:36:03]} 24. Qxe4
{[%clk 0:46:42]} Rc6 {[%clk 0:34:46]} 25. Rd1 {[%clk 0:45:03]} Bd6
{[%clk 0:34:25]} 26. Rd5 {[%clk 0:44:10]} Be7 {[%clk 0:31:40]} 27. Rd7
{[%clk 0:43:49]} Bf6 {[%clk 0:31:00]} 28. Bxf6 {[%clk 0:44:13]} Rxf6
{[%clk 0:31:26]} 29. Qxb7 {[%clk 0:44:29]} g6 {[%clk 0:30:21]} 30. Qc7
{[%clk 0:40:36]} Qh6 {[%clk 0:27:58]} 31. Rd8+ {[%clk 0:40:49]} Kg7
{[%clk 0:28:24]} 32. Qe5 {[%clk 0:41:08]} Qh5 {[%clk 0:27:21]} 33. Qxh5
{[%clk 0:41:32]} gxh5 {[%clk 0:27:47]} 34. h4 {[%clk 0:41:37]} Rc6
{[%clk 0:27:51]} 35. Rd5 {[%clk 0:41:46]} Rc3 {[%clk 0:27:40]} 36. Ra5
{[%clk 0:42:03]} Kf6 {[%clk 0:28:04]} 37. Rxa6+ {[%clk 0:42:22]} Kf5
{[%clk 0:28:29]} 38. Kg2 {[%clk 0:42:41]} 1-0

[Event "ureki2015"]
[Site "?"]
[Date "2015.10.07"]
[Round "3.17"]
[White "Keleptrishvili, Irakli"]
[Black "Metreveli, Lekso"]
[Result "1-0"]
[LiveChessVersion "1.3.1"]
[BlackElo "1443"]
[WhiteElo "2162"]

1. e4 {[%clk 1:29:57]} c5 {[%clk 1:30:50]} 2. Nf3 {[%clk 1:30:22]} d6
{[%clk 1:30:48]} 3. Bc4 {[%clk 1:27:07]} a6 {[%clk 1:28:35]} 4. c3
{[%clk 1:26:18]} e6 {[%clk 1:27:33]} 5. O-O {[%clk 1:25:17]} b5 {[%clk 1:26:13]}
6. Bb3 {[%clk 1:25:23]} c4 {[%clk 1:25:12]} 7. Bc2 {[%clk 1:25:52]} Bb7
{[%clk 1:24:37]} 8. b3 {[%clk 1:24:26]} Nf6 {[%clk 1:14:25]} 9. Qe2
{[%clk 1:22:40]} cxb3 {[%clk 1:13:21]} 10. axb3 {[%clk 1:23:04]} Be7
{[%clk 1:13:24]} 11. d4 {[%clk 1:22:02]} O-O {[%clk 1:12:48]} 12. Nbd2
{[%clk 1:20:29]} Nc6 {[%clk 1:04:51]} 13. Bb2 {[%clk 1:19:57]} Qb6
{[%clk 0:59:09]} 14. Qd3 {[%clk 1:12:20]} g6 {[%clk 0:53:41]} 15. Rfe1
{[%clk 1:07:31]} Nd7 {[%clk 0:47:46]} 16. h4 {[%clk 1:06:01]} a5 {[%clk 0:44:05]}
17. h5 {[%clk 1:06:10]} Bf6 {[%clk 0:42:52]} 18. Nh2 {[%clk 1:02:48]} Bg7
{[%clk 0:36:27]} 19. Qh3 {[%clk 1:00:30]} Rae8 {[%clk 0:19:33]} 20. h6
{[%clk 0:58:11]} Bh8 {[%clk 0:19:37]} 21. Qg3 {[%clk 0:55:16]} e5
{[%clk 0:12:34]} 22. d5 {[%clk 0:54:54]} Ne7 {[%clk 0:12:46]} 23. Qe3
{[%clk 0:50:24]} Qc7 {[%clk 0:11:22]} 24. Bd3 {[%clk 0:48:20]} f5
{[%clk 0:07:32]} 25. Bxb5 {[%clk 0:48:10]} fxe4 {[%clk 0:07:42]} 26. c4
{[%clk 0:48:21]} Nf5 {[%clk 0:07:20]} 27. Qh3 {[%clk 0:48:28]} Re7
{[%clk 0:04:12]} 28. Nxe4 {[%clk 0:48:06]} Nc5 {[%clk 0:03:15]} 29. Qc3
{[%clk 0:42:20]} Nd4 {[%clk 0:01:27]} 30. Nxc5 {[%clk 0:36:11]} Qxc5
{[%clk 0:01:52]} 31. Ba3 {[%clk 0:36:31]} Nxb5 {[%clk 0:01:58]} 32. Bxc5
{[%clk 0:36:38]} Nxc3 {[%clk 0:02:23]} 33. Bxd6 {[%clk 0:37:04]} Ref7
{[%clk 0:02:10]} 34. Bxf8 {[%clk 0:35:51]} Kxf8 {[%clk 0:02:25]} 35. Nf3
{[%clk 0:34:50]} e4 {[%clk 0:02:03]} 36. Ng5 {[%clk 0:35:12]} Rf5
{[%clk 0:01:19]} 37. Ne6+ {[%clk 0:35:12]} Kf7 {[%clk 0:01:21]} 38. g4
{[%clk 0:29:55]} Re5 {[%clk 0:00:56]} 39. Nd8+ {[%clk 0:29:11]} Kf6
{[%clk 0:00:58]} 40. Nxb7 {[%clk 0:59:08]} Kg5 {[%clk 0:31:15]} 41. Rxa5
{[%clk 0:56:03]} Kxg4 {[%clk 0:27:41]} 42. d6 {[%clk 0:56:04]} Kf3
{[%clk 0:24:30]} 43. Rxe5 {[%clk 0:55:34]} Bxe5 {[%clk 0:24:46]} 44. Re3+
{[%clk 0:55:58]} 1-0

[Event "ureki2015"]
[Site "?"]
[Date "2015.10.07"]
[Round "3.18"]
[White "Kostava, Elene"]
[Black "Unapkoshvili, Nani"]
[Result "0-1"]
[LiveChessVersion "1.3.1"]
[BlackElo "2042"]
[WhiteElo "1775"]

1. d4 {[%clk 1:30:56]} d6 {[%clk 1:30:52]} 2. Nf3 {[%clk 1:31:14]} g6
{[%clk 1:31:17]} 3. c4 {[%clk 1:31:40]} f5 {[%clk 1:30:38]} 4. Nc3
{[%clk 1:31:10]} Bg7 {[%clk 1:30:53]} 5. e3 {[%clk 1:29:08]} Nc6 {[%clk 1:30:23]}
6. a3 {[%clk 1:28:18]} e5 {[%clk 1:29:22]} 7. d5 {[%clk 1:27:14]} Nce7
{[%clk 1:29:31]} 8. e4 {[%clk 1:24:40]} Nf6 {[%clk 1:29:12]} 9. Nd2
{[%clk 1:24:44]} O-O {[%clk 1:28:53]} 10. f3 {[%clk 1:24:05]} c6 {[%clk 1:27:06]}
11. b4 {[%clk 1:19:26]} cxd5 {[%clk 1:22:47]} 12. cxd5 {[%clk 1:17:18]} Bd7
{[%clk 1:08:34]} 13. Be2 {[%clk 1:10:40]} Rc8 {[%clk 1:03:22]} 14. Bb2
{[%clk 1:05:14]} fxe4 {[%clk 1:00:58]} 15. fxe4 {[%clk 1:02:09]} Qb6
{[%clk 1:00:04]} 16. Bf3 {[%clk 0:27:34]} Ng4 {[%clk 0:42:40]} 17. Qe2
{[%clk 0:27:50]} Rxc3 {[%clk 0:42:44]} 18. Bxc3 {[%clk 0:23:31]} Bb5
{[%clk 0:42:28]} 19. Nc4 {[%clk 0:22:34]} Bxc4 {[%clk 0:42:09]} 20. Qb2
{[%clk 0:22:14]} Qe3+ {[%clk 0:42:30]} 21. Be2 {[%clk 0:22:08]} Bxe2
{[%clk 0:42:37]} 0-1

[Event "ureki2015"]
[Site "?"]
[Date "2015.10.07"]
[Round "3.19"]
[White "Gelashvili, Tamaz"]
[Black "Benidze, Davit"]
[Result "0-1"]
[LiveChessVersion "1.3.1"]
[BlackElo "2491"]
[WhiteElo "2570"]

1. e4 {[%clk 1:30:56]} e5 {[%clk 1:30:45]} 2. Nf3 {[%clk 1:31:20]} Nc6
{[%clk 1:31:09]} 3. Bc4 {[%clk 1:31:43]} Nf6 {[%clk 1:31:18]} 4. d3
{[%clk 1:32:08]} Be7 {[%clk 1:31:42]} 5. Nbd2 {[%clk 1:32:24]} d6
{[%clk 1:32:03]} 6. c3 {[%clk 1:32:49]} O-O {[%clk 1:32:23]} 7. Bb3
{[%clk 1:33:15]} Be6 {[%clk 1:30:21]} 8. Nf1 {[%clk 1:33:27]} d5 {[%clk 1:30:06]}
9. Qe2 {[%clk 1:33:48]} Qd7 {[%clk 1:28:41]} 10. Ba4 {[%clk 1:32:53]} Bd6
{[%clk 1:26:30]} 11. Bg5 {[%clk 1:28:18]} Nh5 {[%clk 1:18:40]} 12. Nxe5
{[%clk 1:22:21]} Bxe5 {[%clk 1:13:39]} 13. Qxh5 {[%clk 1:22:31]} d4
{[%clk 1:11:44]} 14. Bxc6 {[%clk 1:16:45]} bxc6 {[%clk 1:10:04]} 15. c4
{[%clk 0:40:29]} f5 {[%clk 1:06:48]} 16. Nd2 {[%clk 0:35:28]} Rae8
{[%clk 1:00:35]} 17. O-O {[%clk 0:26:27]} h6 {[%clk 0:58:50]} 18. f4
{[%clk 0:19:26]} Bd6 {[%clk 0:58:48]} 19. Bh4 fxe4 {[%clk 0:58:23]} 20. Nxe4
{[%clk 0:07:33]} Bg4 {[%clk 0:58:22]} 21. Qg6 {[%clk 0:05:17]} Bf5
{[%clk 0:58:34]} 22. Qh5 {[%clk 0:03:37]} Bxe4 {[%clk 0:57:08]} 23. dxe4
{[%clk 0:04:06]} Bxf4 {[%clk 0:57:30]} 24. Bf2 {[%clk 0:03:40]} Rxe4
{[%clk 0:57:20]} 25. Rad1 {[%clk 0:02:26]} Bg5 {[%clk 0:57:06]} 26. g3
{[%clk 0:01:31]} Qe6 {[%clk 0:57:13]} 27. Rde1 {[%clk 0:00:33]} Rxe1
{[%clk 0:53:59]} 28. Rxe1 {[%clk 0:01:03]} Qf6 {[%clk 0:53:51]} 0-1

[Event "ureki2015"]
[Site "?"]
[Date "2015.10.07"]
[Round "3.20"]
[White "Quparadze, Giga"]
[Black "Paichadze, Luka"]
[Result "0-1"]
[LiveChessVersion "1.3.1"]
[BlackElo "2568"]
[WhiteElo "2445"]

1. e4 {[%clk 1:30:56]} Nc6 {[%clk 1:30:28]} 2. Nf3 {[%clk 1:31:15]} d6
{[%clk 1:30:47]} 3. d4 {[%clk 1:31:33]} g6 {[%clk 1:30:58]} 4. h3
{[%clk 1:31:50]} Bg7 {[%clk 1:31:20]} 5. Nc3 {[%clk 1:32:13]} Nf6
{[%clk 1:31:11]} 6. Be3 {[%clk 1:32:21]} O-O {[%clk 1:28:32]} 7. Be2
{[%clk 1:32:05]} Re8 {[%clk 1:21:26]} 8. O-O {[%clk 1:31:53]} e5 {[%clk 1:16:57]}
9. dxe5 {[%clk 1:31:59]} Nxe5 {[%clk 1:11:05]} 10. Nxe5 {[%clk 1:30:59]} Rxe5
{[%clk 1:10:28]} 11. Bf4 {[%clk 1:26:22]} Re8 {[%clk 1:10:16]} 12. e5
{[%clk 1:24:42]} dxe5 {[%clk 1:08:55]} 13. Qxd8 {[%clk 1:25:02]} Rxd8
{[%clk 1:09:24]} 14. Bxe5 {[%clk 1:25:24]} c6 {[%clk 1:05:20]} 15. Bd3
{[%clk 1:21:52]} Be6 {[%clk 0:53:43]} 16. Rfe1 {[%clk 1:22:05]} Nd5
{[%clk 0:42:39]} 17. Nxd5 {[%clk 1:20:43]} Bxd5 {[%clk 0:42:08]} 18. Bxg7
{[%clk 1:21:01]} Kxg7 {[%clk 0:42:34]} 19. Re7 {[%clk 1:21:23]} Rab8
{[%clk 0:42:44]} 20. Rae1 {[%clk 1:18:54]} Kf6 {[%clk 0:40:58]} 21. Rc7
{[%clk 1:17:33]} Rdc8 {[%clk 0:38:30]} 22. Rxc8 {[%clk 1:16:03]} Rxc8
{[%clk 0:38:55]} 23. a4 {[%clk 1:16:09]} c5 {[%clk 0:34:24]} 24. Re3
{[%clk 1:15:26]} Be6 {[%clk 0:32:05]} 25. Be4 {[%clk 1:13:32]} b6
{[%clk 0:32:15]} 26. Rf3+ {[%clk 1:12:30]} Ke5 {[%clk 0:32:31]} 27. Re3
{[%clk 1:12:54]} Kf6 {[%clk 0:32:49]} 28. Rf3+ {[%clk 1:13:19]} Ke7
{[%clk 0:33:08]} 29. Rd3 {[%clk 1:13:30]} c4 {[%clk 0:33:04]} 30. Rd4
{[%clk 1:13:56]} f5 {[%clk 0:25:39]} 31. Bb7 {[%clk 1:11:01]} Rc7
{[%clk 0:24:34]} 32. Ba6 {[%clk 1:10:54]} c3 {[%clk 0:24:20]} 33. b4
{[%clk 1:11:18]} Rd7 {[%clk 0:18:29]} 34. Rd3 {[%clk 0:58:59]} Rxd3
{[%clk 0:18:23]} 35. Bxd3 {[%clk 0:59:25]} a5 {[%clk 0:07:36]} 36. bxa5
{[%clk 0:58:14]} bxa5 {[%clk 0:08:03]} 37. f4 {[%clk 0:53:34]} Kd6
{[%clk 0:08:27]} 38. Kf2 {[%clk 0:53:41]} Kc5 {[%clk 0:08:13]} 39. Ke3
{[%clk 0:53:59]} Bd7 {[%clk 0:06:43]} 40. g3 {[%clk 1:21:50]} Bxa4
{[%clk 0:37:01]} 41. g4 {[%clk 1:22:17]} Bd7 {[%clk 0:37:03]} 42. Kd4+ 0-1

[Event "ureki2015"]
[Site "?"]
[Date "2015.10.07"]
[Round "3.21"]
[White "Mgeladze, Tamaz"]
[Black "Managadze, Nikoloz"]
[Result "1/2-1/2"]
[LiveChessVersion "1.3.1"]
[BlackElo "2459"]
[WhiteElo "2339"]

1. c4 {[%clk 1:30:53]} g6 {[%clk 1:30:35]} 2. g3 {[%clk 1:29:48]} Bg7
{[%clk 1:30:19]} 3. Bg2 {[%clk 1:30:13]} e5 {[%clk 1:27:07]} 4. Nc3
{[%clk 1:28:04]} Ne7 {[%clk 1:21:37]} 5. Nf3 {[%clk 1:27:52]} O-O
{[%clk 1:21:16]} 6. O-O {[%clk 1:28:06]} d5 {[%clk 1:20:01]} 7. cxd5
{[%clk 1:27:49]} Nxd5 {[%clk 1:20:22]} 8. Nxd5 {[%clk 1:25:47]} Qxd5
{[%clk 1:19:31]} 9. d3 {[%clk 1:26:10]} Nc6 {[%clk 1:17:41]} 10. Be3
{[%clk 1:26:06]} Ne7 {[%clk 1:13:27]} 11. Qa4 {[%clk 1:15:24]} Qd7
{[%clk 1:07:15]} 12. Qc4 {[%clk 1:04:54]} Nf5 {[%clk 1:05:44]} 13. Bc5
{[%clk 1:03:22]} Rd8 {[%clk 1:05:17]} 14. Rac1 {[%clk 0:57:05]} Qe8
{[%clk 1:03:17]} 15. g4 {[%clk 0:49:31]} Nd4 {[%clk 0:53:23]} 16. Bxd4
{[%clk 0:48:35]} exd4 {[%clk 0:53:42]} 17. Qxc7 {[%clk 0:48:32]} Bxg4
{[%clk 0:52:30]} 18. Qf4 {[%clk 0:37:12]} Bf5 {[%clk 0:45:05]} 19. Rc2
{[%clk 0:32:35]} Rac8 {[%clk 0:40:11]} 20. Rfc1 {[%clk 0:32:11]} Rxc2
{[%clk 0:39:46]} 21. Rxc2 {[%clk 0:32:39]} Rc8 {[%clk 0:39:53]} 22. Rxc8
{[%clk 0:28:05]} Qxc8 {[%clk 0:40:02]} 23. h4 {[%clk 0:28:31]} Qd8
{[%clk 0:33:41]} 24. a3 {[%clk 0:21:28]} Bf6 {[%clk 0:30:30]} 25. h5
{[%clk 0:18:29]} a5 {[%clk 0:28:41]} 26. h6 {[%clk 0:15:10]} a4 {[%clk 0:23:20]}
27. Nd2 {[%clk 0:14:21]} Bg5 {[%clk 0:23:36]} 28. Qe5 {[%clk 0:14:29]} Bxh6
{[%clk 0:23:23]} 29. Nc4 {[%clk 0:14:29]} Bg7 {[%clk 0:17:31]} 30. Qd6
{[%clk 0:12:38]} Qe8 {[%clk 0:17:38]} 31. Bf3 {[%clk 0:12:28]} h5
{[%clk 0:17:51]} 32. Qc7 {[%clk 0:10:14]} Bg4 {[%clk 0:07:10]} 33. Qxb7
{[%clk 0:10:32]} Bxf3 {[%clk 0:07:34]} 34. Qxf3 {[%clk 0:11:01]} Qe6
{[%clk 0:06:40]} 35. Kf1 {[%clk 0:09:48]} Kh7 {[%clk 0:07:02]} 36. Nd2
{[%clk 0:09:06]} Bh6 {[%clk 0:06:30]} 37. Ne4 Bc1 38. Nc5 {[%clk 0:08:51]} Qe7
{[%clk 0:02:27]} 39. Nxa4 {[%clk 0:34:34]} Qc7 {[%clk 0:31:21]} 40. Qf6
{[%clk 0:32:55]} Bh6 {[%clk 0:28:36]} 41. Qxd4 {[%clk 0:24:19]} Bg7
{[%clk 0:27:03]} 42. Qd5 Qc2 {[%clk 0:27:08]} 43. Nc3 {[%clk 0:24:28]} Qxb2 44.
Ne4 {[%clk 0:25:04]} Qc1+ {[%clk 0:27:29]} 45. Kg2 {[%clk 0:20:12]} f5
{[%clk 0:27:56]} 46. Nd6 {[%clk 0:20:09]} Qg5+ 47. Kf1 {[%clk 0:17:52]} h4
{[%clk 0:24:01]} 48. Nf7 {[%clk 0:17:52]} Qe7 {[%clk 0:13:12]} 49. f4
{[%clk 0:13:33]} Bf6 {[%clk 0:12:02]} 50. Ne5 {[%clk 0:12:57]} Bxe5
{[%clk 0:12:19]} 51. fxe5 {[%clk 0:13:06]} Qxa3 {[%clk 0:12:41]} 52. e6
{[%clk 0:12:06]} Qc1+ {[%clk 0:11:19]} 53. Kf2 {[%clk 0:11:58]} Qf4+
{[%clk 0:11:45]} 54. Qf3 {[%clk 0:10:44]} Qd4+ {[%clk 0:09:18]} 55. Qe3
{[%clk 0:08:44]} Qxe3+ {[%clk 0:08:53]} 56. Kxe3 {[%clk 0:09:13]} Kg7
{[%clk 0:09:18]} 57. d4 {[%clk 0:09:37]} Kf6 {[%clk 0:09:29]} 58. d5
{[%clk 0:10:02]} g5 {[%clk 0:09:35]} 59. Kf2 {[%clk 0:09:21]} f4 {[%clk 0:06:59]}
60. e3 {[%clk 0:09:08]} h3 {[%clk 0:07:19]} 61. exf4 {[%clk 0:09:23]} gxf4
{[%clk 0:07:42]} 62. Kf3 {[%clk 0:09:46]} Ke7 {[%clk 0:07:55]} 63. Ke4 1/2-1/2

[Event "ureki2015"]
[Site "?"]
[Date "2015.10.07"]
[Round "3.22"]
[White "Arabidze, Meri"]
[Black "Khurtsidze, Nino"]
[Result "1-0"]
[LiveChessVersion "1.3.1"]
[BlackElo "2426"]
[WhiteElo "2405"]

1. d4 {[%clk 1:30:56]} Nf6 {[%clk 1:30:53]} 2. c4 {[%clk 1:31:20]} Nc6
{[%clk 1:27:01]} 3. Nf3 {[%clk 1:30:32]} e6 {[%clk 1:27:19]} 4. a3
{[%clk 1:28:56]} g6 {[%clk 1:18:49]} 5. Nc3 {[%clk 1:27:23]} Bg7 {[%clk 1:19:00]}
6. d5 {[%clk 1:23:48]} exd5 {[%clk 1:17:12]} 7. cxd5 {[%clk 1:24:07]} Ne7
{[%clk 1:16:23]} 8. e4 {[%clk 1:23:49]} d6 {[%clk 1:16:12]} 9. Qa4+
{[%clk 1:11:43]} c6 {[%clk 1:14:48]} 10. Be2 {[%clk 1:07:07]} O-O
{[%clk 1:14:23]} 11. dxc6 {[%clk 1:07:10]} bxc6 {[%clk 1:14:21]} 12. O-O
{[%clk 1:07:20]} d5 {[%clk 1:11:56]} 13. Bg5 {[%clk 1:04:54]} Qb6
{[%clk 1:03:04]} 14. e5 {[%clk 1:00:37]} Nd7 {[%clk 0:26:36]} 15. Bxe7
{[%clk 0:59:44]} Re8 {[%clk 0:26:45]} 16. Bd6 {[%clk 0:56:35]} f6
{[%clk 0:26:40]} 17. exf6 {[%clk 0:55:33]} Bxf6 {[%clk 0:27:01]} 18. Qc2
{[%clk 0:54:45]} c5 {[%clk 0:26:16]} 19. Bg3 {[%clk 0:53:35]} Bb7
{[%clk 0:26:34]} 20. Rad1 {[%clk 0:52:24]} d4 {[%clk 0:25:07]} 21. Bc4+
{[%clk 0:52:02]} Kh8 {[%clk 0:23:32]} 22. Nd5 {[%clk 0:52:14]} Qc6
{[%clk 0:23:52]} 23. Nxf6 {[%clk 0:45:10]} Nxf6 {[%clk 0:23:17]} 24. Rfe1
{[%clk 0:45:05]} Kg7 {[%clk 0:20:40]} 25. Bf1 {[%clk 0:42:43]} Rac8
{[%clk 0:18:26]} 26. Rxe8 {[%clk 0:41:31]} Rxe8 {[%clk 0:18:27]} 27. b4
{[%clk 0:40:06]} Ne4 {[%clk 0:16:53]} 28. bxc5 {[%clk 0:38:08]} Nc3
{[%clk 0:16:34]} 29. Rxd4 {[%clk 0:37:54]} Qxc5 {[%clk 0:14:39]} 30. Rc4
{[%clk 0:37:02]} 1-0

[Event "ureki2015"]
[Site "?"]
[Date "2015.10.07"]
[Round "3.23"]
[White "Bortnyk, Olexandr"]
[Black "Tutisani, Noe"]
[Result "1-0"]
[LiveChessVersion "1.3.1"]
[BlackElo "2335"]
[WhiteElo "2557"]

1. d4 {[%clk 1:30:57]} Nf6 {[%clk 1:30:54]} 2. Nf3 {[%clk 1:31:23]} g6
{[%clk 1:31:18]} 3. Nbd2 {[%clk 1:31:46]} d5 {[%clk 1:31:21]} 4. e3
{[%clk 1:32:10]} Bg7 {[%clk 1:31:45]} 5. b4 {[%clk 1:32:35]} O-O {[%clk 1:31:33]}
6. Bb2 {[%clk 1:32:41]} b6 {[%clk 1:31:43]} 7. c4 {[%clk 1:32:53]} c6
{[%clk 1:31:23]} 8. Rc1 {[%clk 1:32:28]} e6 {[%clk 1:30:39]} 9. Be2
{[%clk 1:28:51]} Bb7 {[%clk 1:30:12]} 10. O-O {[%clk 1:27:44]} Nbd7
{[%clk 1:30:20]} 11. Qb3 {[%clk 1:25:15]} Qb8 {[%clk 1:26:42]} 12. c5
{[%clk 1:22:10]} bxc5 {[%clk 1:23:15]} 13. dxc5 {[%clk 1:22:15]} Rc8
{[%clk 1:22:22]} 14. Qa3 {[%clk 0:49:18]} a5 {[%clk 1:16:17]} 15. b5
{[%clk 0:48:36]} cxb5 {[%clk 1:16:15]} 16. Bxb5 {[%clk 0:48:57]} Bf8
{[%clk 1:15:05]} 17. Qa4 {[%clk 0:47:26]} Ba6 {[%clk 1:13:57]} 18. Bxa6
{[%clk 0:40:29]} Rxa6 {[%clk 1:14:04]} 19. c6 {[%clk 0:24:07]} Qxb2
{[%clk 1:03:36]} 20. cxd7 {[%clk 0:23:27]} Qxc1 {[%clk 1:04:02]} 21. Rxc1
{[%clk 0:22:40]} Rxc1+ {[%clk 1:04:11]} 22. Nf1 {[%clk 0:23:06]} Ra8
{[%clk 0:58:49]} 23. Ne5 {[%clk 0:17:27]} Ne4 {[%clk 0:52:40]} 24. f3
{[%clk 0:16:32]} Bc5 {[%clk 0:48:46]} 25. g3 {[%clk 0:15:41]} Bxe3+
{[%clk 0:14:36]} 26. Kg2 {[%clk 0:16:06]} Bg5 {[%clk 0:15:00]} 27. fxe4
{[%clk 0:16:10]} Rc5 {[%clk 0:14:53]} 28. h4 {[%clk 0:13:31]} Bf6
{[%clk 0:14:42]} 29. d8=Q+ {[%clk 0:13:35]} Rxd8 {[%clk 0:14:29]} 30. Nd7
{[%clk 0:14:00]} Rxd7 {[%clk 0:13:02]} 31. Qxd7 {[%clk 0:14:24]} dxe4
{[%clk 0:13:30]} 32. Nd2 {[%clk 0:11:27]} Rc2 {[%clk 0:11:49]} 33. Kh3
{[%clk 0:10:53]} e3 {[%clk 0:11:45]} 34. Ne4 {[%clk 0:11:19]} Bb2
{[%clk 0:06:27]} 35. Qa7 {[%clk 0:09:32]} Bc1 {[%clk 0:05:21]} 36. Nf6+
{[%clk 0:07:56]} Kf8 {[%clk 0:04:58]} 37. Nxh7+ {[%clk 0:08:21]} Kg8
{[%clk 0:05:20]} 38. Ng5 {[%clk 0:08:25]} Rf2 {[%clk 0:05:41]} 39. Qb8+
{[%clk 0:08:21]} Kg7 {[%clk 0:06:02]} 40. Nxe6+ {[%clk 0:38:28]} Kf6
{[%clk 0:34:16]} 41. Nf4 {[%clk 0:38:28]} 1-0

[Event "ureki2015"]
[Site "?"]
[Date "2015.10.07"]
[Round "3.24"]
[White "Choladze, Mariam"]
[Black "Ziaziulkina, Nastassia"]
[Result "0-1"]
[LiveChessVersion "1.3.1"]
[BlackElo "2402"]
[WhiteElo "2095"]

1. e4 {[%clk 1:30:45]} c5 {[%clk 1:30:56]} 2. Nf3 {[%clk 1:31:11]} d6
{[%clk 1:31:23]} 3. Bb5+ {[%clk 1:30:38]} Nd7 {[%clk 1:31:25]} 4. d4
{[%clk 1:29:48]} cxd4 {[%clk 1:30:43]} 5. Qxd4 {[%clk 1:28:23]} a6
{[%clk 1:27:57]} 6. Bxd7+ {[%clk 1:27:49]} Bxd7 {[%clk 1:28:23]} 7. O-O
{[%clk 1:24:26]} Rc8 {[%clk 1:27:58]} 8. Re1 {[%clk 1:22:49]} e5 {[%clk 1:23:48]}
9. Qd1 {[%clk 1:19:34]} Qc7 {[%clk 1:18:01]} 10. Nc3 {[%clk 1:16:54]} h6
{[%clk 1:17:51]} 11. Be3 {[%clk 1:12:16]} Nf6 {[%clk 1:17:36]} 12. a4
{[%clk 1:00:53]} Be7 {[%clk 1:15:12]} 13. a5 {[%clk 1:00:30]} O-O
{[%clk 1:14:14]} 14. Nd2 {[%clk 0:54:14]} Be6 {[%clk 0:55:46]} 15. Nf1
{[%clk 0:48:35]} Qc6 {[%clk 0:55:04]} 16. Ng3 {[%clk 0:28:45]} Rfd8
{[%clk 0:38:06]} 17. Bb6 {[%clk 0:26:17]} Re8 {[%clk 0:32:40]} 18. Qd2
{[%clk 0:16:56]} d5 {[%clk 0:31:29]} 19. exd5 {[%clk 0:15:48]} Nxd5
{[%clk 0:30:32]} 20. Nxd5 {[%clk 0:14:34]} Bxd5 {[%clk 0:30:24]} 21. Rxe5
{[%clk 0:09:31]} Bxg2 {[%clk 0:30:09]} 22. Rae1 {[%clk 0:06:11]} Bh3
{[%clk 0:29:51]} 23. f4 {[%clk 0:03:58]} Bf6 {[%clk 0:21:51]} 24. Rxe8+
{[%clk 0:03:34]} Rxe8 {[%clk 0:22:18]} 25. Rxe8+ {[%clk 0:03:23]} Qxe8
{[%clk 0:22:46]} 26. c3 {[%clk 0:03:36]} Qa4 {[%clk 0:18:40]} 27. Kf2
{[%clk 0:01:20]} Qc4 {[%clk 0:12:56]} 28. Qe3 {[%clk 0:00:58]} Bh4
{[%clk 0:12:57]} 29. Kf3 {[%clk 0:00:39]} Bd7 {[%clk 0:12:26]} 30. Qd4
{[%clk 0:00:35]} Bc6+ {[%clk 0:12:18]} 31. Kf2 {[%clk 0:01:04]} Qb3
{[%clk 0:11:25]} 32. Qd2 {[%clk 0:01:23]} Qe6 {[%clk 0:11:30]} 33. Kg1
{[%clk 0:00:44]} Qg4 {[%clk 0:10:15]} 34. Bf2 {[%clk 0:00:39]} Qf3
{[%clk 0:07:22]} 35. Be1 {[%clk 0:01:08]} Be7 {[%clk 0:07:24]} 36. b4
{[%clk 0:01:02]} Bd6 {[%clk 0:07:06]} 37. f5 {[%clk 0:00:38]} Bf4
{[%clk 0:06:51]} 38. Qe2 {[%clk 0:00:42]} Be3+ {[%clk 0:07:05]} 0-1

[Event "ureki2015"]
[Site "?"]
[Date "2015.10.08"]
[Round "4.1"]
[White "Jobava, Baadur"]
[Black "Benidze, Davit"]
[Result "1/2-1/2"]
[LiveChessVersion "1.3.1"]
[BlackElo "2491"]
[WhiteElo "2683"]

1. e4 {[%clk 1:29:19]} e5 {[%clk 1:30:42]} 2. Nf3 {[%clk 1:29:37]} Nc6
{[%clk 1:31:06]} 3. c3 {[%clk 1:29:53]} Nf6 {[%clk 1:29:55]} 4. d4
{[%clk 1:29:09]} d6 {[%clk 1:30:20]} 5. Bd3 {[%clk 1:25:40]} Be7 {[%clk 1:27:46]}
6. O-O {[%clk 1:25:55]} O-O {[%clk 1:28:11]} 7. Re1 {[%clk 1:26:04]} Bg4
{[%clk 1:28:13]} 8. d5 {[%clk 1:25:57]} Nb8 {[%clk 1:28:39]} 9. Nbd2
{[%clk 1:26:22]} a5 {[%clk 1:26:55]} 10. h3 {[%clk 1:19:55]} Bh5 {[%clk 1:25:28]}
11. Nf1 {[%clk 1:16:49]} Na6 {[%clk 1:25:26]} 12. Ng3 {[%clk 1:17:11]} Bg6
{[%clk 1:25:54]} 13. Nh4 {[%clk 1:15:57]} Nd7 {[%clk 1:26:19]} 14. Nhf5
{[%clk 1:14:45]} Bg5 {[%clk 1:25:22]} 15. Bxg5 {[%clk 1:13:58]} Qxg5
{[%clk 1:22:16]} 16. Bb5 {[%clk 1:12:37]} Qd8 17. Qd2 {[%clk 1:06:40]} Nf6
{[%clk 1:17:43]} 18. b4 {[%clk 1:06:27]} Nb8 {[%clk 1:18:06]} 19. Bd3
{[%clk 1:03:39]} Bxf5 {[%clk 1:17:21]} 20. Nxf5 {[%clk 1:04:03]} Nbd7
{[%clk 1:17:46]} 21. a3 {[%clk 1:03:53]} g6 {[%clk 1:17:05]} 22. Ne3
{[%clk 1:04:18]} Nh5 {[%clk 1:14:39]} 23. Bb5 {[%clk 1:02:52]} Qe7
{[%clk 1:05:32]} 24. Nc4 {[%clk 0:59:18]} b6 {[%clk 1:05:47]} 25. Bc6
{[%clk 0:59:34]} Ra7 {[%clk 1:06:10]} 26. Qe3 {[%clk 0:59:44]} f5
{[%clk 1:03:42]} 27. exf5 {[%clk 0:59:21]} gxf5 {[%clk 1:03:37]} 28. f4
{[%clk 0:58:29]} e4 {[%clk 1:04:02]} 29. Nxa5 {[%clk 0:57:17]} bxa5
{[%clk 0:58:17]} 30. Bxd7 {[%clk 0:57:04]} Qxd7 {[%clk 0:58:10]} 31. Qxa7
{[%clk 0:57:29]} Nxf4 {[%clk 0:58:37]} 32. Qd4 {[%clk 0:55:42]} Qf7
{[%clk 0:58:18]} 33. Ra2 {[%clk 0:55:05]} c5 {[%clk 0:56:05]} 34. bxc5
{[%clk 0:45:59]} dxc5 {[%clk 0:56:26]} 35. Qd2 {[%clk 0:45:51]} Nd3
{[%clk 0:56:50]} 36. Re3 {[%clk 0:46:13]} Qxd5 37. Rg3+ {[%clk 0:39:55]} Kh8
1/2-1/2